Masterpieces of Indian Craftsmanship in Marble and Sandstone (Record no. 4088)
[ view plain ]
| 000 -LEADER | |
|---|---|
| fixed length control field | 00311nam a2200109Ia 4500 |
| 008 - FIXED-LENGTH DATA ELEMENTS--GENERAL INFORMATION | |
| fixed length control field | 200302s9999 xx 000 0 und d |
| 100 ## - MAIN ENTRY--PERSONAL NAME | |
| Personal name | Rustam J. Mehta |
| 245 ## - TITLE STATEMENT | |
| Title | Masterpieces of Indian Craftsmanship in Marble and Sandstone |
| 260 ## - PUBLICATION, DISTRIBUTION, ETC. | |
| Name of publisher, distributor, etc. | Taraporevala Sons and Co. Pvt. Ltd. |
| 260 ## - PUBLICATION, DISTRIBUTION, ETC. | |
| Date of publication, distribution, etc. | 1980 |
| 300 ## - PHYSICAL DESCRIPTION | |
| Extent | 78 P., |
| Withdrawn status | Lost status | Damaged status | Not for loan | Permanent Location | Current Location | Date acquired | Cost, normal purchase price | Full call number | Barcode | Date last seen | Price effective from | Koha item type |
|---|---|---|---|---|---|---|---|---|---|---|---|---|
| BMS College of Architecture, Design and Planning | BMS College of Architecture, Design and Planning | 2020-03-03 | 998.00 | 730.0954 | CL-UG69073 | 2020-03-03 | 2020-03-03 | UG Books from CL |